Undangan = (Record no. 51182)

MARC details
000 -LEADER
fixed length control field 00793nam a2200265 i 4500
001 - CONTROL NUMBER
control field C2-0235017
003 - CONTROL NUMBER IDENTIFIER
control field PPAK
005 - DATE AND TIME OF LATEST TRANSACTION
control field 20180727195312.0
008 - FIXED-LENGTH DATA ELEMENTS--GENERAL INFORMATION
fixed length control field 010825s2001 my a|||| ||||| | may d
020 ## - INTERNATIONAL STANDARD BOOK NUMBER
International Standard Book Number 9676111805
040 ## - CATALOGING SOURCE
Original cataloging agency PPAK
Language of cataloging eng
Transcribing agency PPAK
Description conventions rda
082 04 - DEWEY DECIMAL CLASSIFICATION NUMBER
Classification number 499.2386
Edition number 23
090 00 - LOCALLY ASSIGNED LC-TYPE CALL NUMBER (OCLC); LOCAL CALL NUMBER (RLIN)
Classification number (OCLC) (R) ; Classification number, CALL (RLIN) (NR) 499.2386
Feature heading NUR
Feature heading K
100 0# - MAIN ENTRY--PERSONAL NAME
Personal name Nuraihan Mat Daud,
Relator term author
245 10 - TITLE STATEMENT
Title Undangan =
Remainder of title The invitation
264 #1 - PRODUCTION, PUBLICATION, DISTRIBUTION, MANUFACTURE, AND COPYRIGHT NOTICE
Place of production, publication, distribution, manufacture Kuala Lumpur :
Name of producer, publisher, distributor, manufacturer Utusan Publications & Distributors Sdn Bhd ,
Date of production, publication, distribution, manufacture, or copyright notice 2001
300 ## - PHYSICAL DESCRIPTION
Extent 24 pages :
Other physical details colour illustrations ;
Dimensions 26 cm
336 ## - CONTENT TYPE
Source rdacontent
Content type term text
337 ## - MEDIA TYPE
Source rdamedia
Media type term unmediated
338 ## - CARRIER TYPE
Source rdacarrier
Carrier type term volume
490 1# - SERIES STATEMENT
Series statement Siri bacaan dwibahasa Utusan
650 10 - SUBJECT ADDED ENTRY--TOPICAL TERM
Topical term or geographic name entry element Bahasa Melayu - Readers
830 #0 - SERIES ADDED ENTRY--UNIFORM TITLE
Uniform title Siri bacaan dwibahasa Utusan
942 ## - ADDED ENTRY ELEMENTS (KOHA)
-- dc
Koha item type Book
Holdings
Withdrawn Not for loan Current library Shelving location Date acquired Full call number Barcode Date last seen Koha item type Total Checkouts
    Perpustakaan Bandar Baharu Pinjaman Kanak-kanak 25/08/2001 K 499.2386 NUR A00968531 08/05/2018 Book  
    Perpustakaan Langkawi Pinjaman Kanak-kanak 25/08/2001 K 499.2386 NUR A00968528 08/05/2018 Book  
    Bergerak 3, Baling Pinjaman Kanak-kanak 25/08/2001 K 499.2386 NUR A00968535 08/05/2018 Book  
    Bergerak 4, Sungai Petani Pinjaman Kanak-kanak 25/08/2001 K 499.2386 NUR A00968536 08/05/2018 Book  
    Bergerak 5, Kulim Pinjaman Kanak-kanak 25/08/2001 K 499.2386 NUR A00968537 08/05/2018 Book  
    Bergerak 5, Kulim Pinjaman Kanak-kanak 25/08/2001 K 499.2386 NUR A00968539 08/05/2018 Book  
    PD13, KEDA Lahar Tunjung, Pendang Pinjaman Kanak-kanak 25/08/2001 K 499.2386 NUR A00968543 08/05/2018 Book  
    PD14, Felda Sungai Tiang, Pendang Pinjaman Kanak-kanak 25/08/2001 K 499.2386 NUR A00968544 08/05/2018 Book